Why Baba is not the 5th (Record no. 12)

MARC details
000 -LEADER
fixed length control field 00422nam a22001217a 4500
008 - FIXED-LENGTH DATA ELEMENTS--GENERAL INFORMATION
fixed length control field 230516b xxu||||| |||| 00| 0 eng d
020 ## - INTERNATIONAL STANDARD BOOK NUMBER
International Standard Book Number 9781776364060
082 ## - DEWEY DECIMAL CLASSIFICATION NUMBER
Classification number 012
Item number KAN
245 ## - TITLE STATEMENT
Title Why Baba is not the 5th
Remainder of title The intriguing tragicomedy of how Raila Odinga lost to William Ruto in the 2022 presidential race
Statement of responsibility, etc. Saitabao Ole Kanchory
260 ## - PUBLICATION, DISTRIBUTION, ETC. (IMPRINT)
Place of publication, distribution, etc. South Africa
Name of publisher, distributor, etc. Reach Publishers
Date of publication, distribution, etc. 2023
300 ## - PHYSICAL DESCRIPTION
Extent 138 pages
942 ## - ADDED ENTRY ELEMENTS (KOHA)
Source of classification or shelving scheme Dewey Decimal Classification
Koha item type Books
Holdings
Withdrawn status Lost status Source of classification or shelving scheme Damaged status Not for loan Home library Current library Date acquired Cost, normal purchase price Total Checkouts Full call number Barcode Date last seen Date last checked out Price effective from Koha item type
    Dewey Decimal Classification     Bunge Tower Library Bunge Tower Library 04/20/2023 2000.00 1 012 KAN 20230005 07/31/2023 07/21/2023 05/16/2023 Books
    Dewey Decimal Classification     Bunge Tower Library Bunge Tower Library 04/20/2023 2000.00   012 KAN 20230006 05/16/2023   05/16/2023 Books
LIBRARY OPENING HOURS

When the Parliament is sitting: 8.00a.m - 7.00p.m or until the house adjourns
Mondays and Fridays and when the House is on Recess:  8.00a.m - 5.00p.m
Closed on Weekends and Public Holidays

Online Public Access Catalog (OPAC)
Website: http://www.parliament.go.ke
Bunge Library: https://libraryir.parliament.go.ke
Contact: library@parliament.go.ke | Tel no: (254-2)2221291 or 2848000 Ext 5043